[Event "Copenhagen Bronshoj IM"]
[Site "Copenhagen"]
[Date "2012.06.02"]
[Round "3"]
[White "Haubro, Martin"]
[Black "Schou Moldt, Thomas"]
[Result "1-0"]
[WhiteElo "2092"]
[BlackElo "2210"]
[PlyCount "57"]
[EventDate "2012.06.01"]
[EventType "tourn"]
[EventRounds "9"]
[EventCountry "DEN"]
[EventCategory "2"]
[SourceTitle "CBM 148 Extra"]
[Source "ChessBase"]
[SourceDate "2012.06.22"]

1. e4 g6 2. d4 Bg7 3. Nc3 d6 4. Be3 Nf6 5. h3 c6 6. a4 Nbd7 7. g3 Qa5 8. Bg2
O-O 9. Nge2 Re8 10. O-O e5 11. Rb1 c5 12. d5 a6 13. Qd3 Rb8 14. Ra1 Rf8 15.
Rfb1 Ne8 16. g4 Qb4 17. a5 b5 18. Ng3 f5 19. exf5 gxf5 20. Nxf5 Ndf6 21. Ne7+
Kh8 22. Nc6 Qxc3 23. Qxc3 Ra8 24. b4 Nc7 25. bxc5 Nfxd5 26. Qd2 Nxe3 27. fxe3
d5 28. Rf1 Bb7 29. Ne7 1-0